| 000 | 01186nam a22003134a 4500 | ||
|---|---|---|---|
| 001 | ebr10114008 | ||
| 003 | CaPaEBR | ||
| 006 | m u | ||
| 007 | cr cn||||||||| | ||
| 008 | 031117s2004 njua sb 001 0 eng | ||
| 010 | _z 2003025148 | ||
| 020 | _z0471466182 | ||
| 040 |
_aCaPaEBR _cCaPaEBR |
||
| 035 | _a(OCoLC)57352314 | ||
| 050 | 1 | 4 |
_aTK5103.4885 _bD58 2004eb |
| 082 | 0 | 4 |
_a004.67/8 _222 |
| 245 | 0 | 0 |
_aContent networking in the mobile Internet _h[electronic resource] / _cedited by Sudhir Dixit and Tao Wu. |
| 260 |
_aHoboken, N.J. : _bJohn Wiley & Sons, _cc2004. |
||
| 300 |
_axxxi, 547 p. : _bill. |
||
| 504 | _aIncludes bibliographical references and index. | ||
| 533 |
_aElectronic reproduction. _bPalo Alto, Calif. : _cebrary, _d2013. _nAvailable via World Wide Web. _nAccess may be limited to ebrary affiliated libraries. |
||
| 650 | 0 | _aWireless Internet. | |
| 650 | 0 | _aComputer networks. | |
| 655 | 7 |
_aElectronic books. _2local |
|
| 700 | 1 | _aDixit, Sudhir. | |
| 700 | 1 |
_aWu, Tao, _d1971- |
|
| 710 | 2 | _aebrary, Inc. | |
| 856 | 4 | 0 |
_uhttp://site.ebrary.com/lib/rucke/Doc?id=10114008 _zAn electronic book accessible through the World Wide Web; click to view |
| 999 |
_c209721 _d209721 |
||